| 000 | 00819nam a2200241 a 4500 | ||
|---|---|---|---|
| 005 | 20210219160055.0 | ||
| 008 | 080723s1981 mx r 000 0 spa d | ||
| 020 | _a9233016978 | ||
| 035 | _aUPN01000157963 | ||
| 049 | _aUNE | ||
| 080 | _a07 (100) VAL No.85 | ||
| 245 | 0 | 0 |
_aValor de las noticias y principios de comunicación intercultural / _cAlcino Louisda Costa...(et al.). |
| 260 |
_aParís : _bUNESCO, _c1981. |
||
| 300 | _a55 p. | ||
| 440 | 0 |
_aEstudios y documentos de comunicación social ; _v85 |
|
| 500 | _aIncluye bibliografía | ||
| 690 | _aPrensa de información - Análisis transcultural | ||
| 690 | _aFlujo de noticias - Difusión de la cultura | ||
| 690 | _aTransmisión de noticias - Valores culturales | ||
| 700 | 1 |
_aCosta, Alcino Louisda, _ecoaut. |
|
| 710 | 2 | _aUNESCO | |
| 905 | _aUNESCO | ||
| 999 |
_c130077 _d130077 |
||